La miseria del historicismo.
Shranjeno v:
| Glavni avtor: | |
|---|---|
| Drugi avtorji: | |
| Format: | Knjiga |
| Jezik: | španščina |
| Izdano: |
Madrid, España:
Alianza,
1973.
|
| Izdaja: | Primera edición. |
| Serija: | Humanidades, 477.
|
| Teme: | |
| Oznake: |
Označite
Brez oznak, prvi označite!
|
MARC
| LEADER | 00000cam a2200000 a 4500 | ||
|---|---|---|---|
| 001 | UCF0046 | ||
| 003 | CL-VaPUC | ||
| 005 | 20240911124534.0 | ||
| 008 | 120423e19730000SP |||||||||||||||||spa|d | ||
| 999 | |c 347552 |d 347550 | ||
| 020 | |a 84-206-1477-7 | ||
| 040 | |c Pontificia Universidad Católica de Valparaíso | ||
| 082 | 0 | 4 | |a 901 POP 1973 |2 21 |
| 100 | |a Pooper, Karl R. |e autor |9 311826 | ||
| 245 | 1 | 3 | |a La miseria del historicismo. |
| 250 | |a Primera edición. | ||
| 260 | |a Madrid, España: |b Alianza, |c 1973. | ||
| 300 | |a 181 páginas. | ||
| 490 | 0 | |a Humanidades, 477. | |
| 500 | |a c.2 Donación Familia Prof. Alejandro Guzmán Brito. | ||
| 583 | |a last modification |c 20120904 04:54:11 |k Rodrigo Vera | ||
| 650 | 0 | |a Historicismo |9 318908 | |
| 650 | 0 | |a Filosofía de la historia |9 265651 | |
| 700 | |a Schwartz, Pedro |9 587838 |e traductor | ||
| 942 | |c BK |2 ddc |n 0 | ||
| 945 | |d 20120423 00:00:00 |a dcastane | ||
| 952 | |0 0 |1 0 |4 0 |6 901_000000000000000_POP_1973 |7 0 |8 A |9 448974 |a BIBHIS |b BIBHIS |d 2019-11-22 |i 4854861 |o 901 POP 1973 |p 4854861 |r 2025-01-20 |w 2019-11-22 |y BK |k HIS | ||